000 00684 a2200205 4500
999 _c8223
_d8223
010 _aENG-88351
020 _c345.00
_a0195690893
035 _aEN-71884
037 _bDBAD / PUB
082 0 0 _a954.008694
245 1 0 _aSubordinate and marginal groups in early India/
_cedited by Aloka Parasher-Sen
250 _a2nd ed
260 _aNew Delhi
_bOxford University Press
_c2007
270 _bNew Delhi
_e110 001
_aYMCA Library Building, Jai Singh Road
300 _axi, 480p.
_c22cm (pbk)
490 _aOxford in India Readings - Themes in Indian history)
500 _aIncludes index
700 _aParasher-Sen, Aloka
942 _adpl
_cEN
_2ddc
_h954.008694
_mSUB